| 000 | 00000cam 2200000zi 4500 |
| 001 | 9.955447 |
| 003 | CaOODSP |
| 005 | 20260604105214 |
| 006 | m o d f |
| 007 | cr ||||||||||| |
| 008 | 250917t20252025onc o f000 0 eng d |
| 020 | |a9780660790183 |
| 040 | |aCaOODSP|beng|erda|cCaOODSP |
| 043 | |an-cn--- |
| 086 | 1 |aBT66-101/1-2025E-PDF |
| 245 | 00|aAudit of IT security - phase I. |
| 246 | 2 |aAudit of information technology security - phase I |
| 264 | 1|aOttawa, Ontario, Canada : |bTreasury Board of Canada Secretariat = Secrétariat du Conseil du trésor du Canada, |c2025. |
| 264 | 4|c©2025 |
| 300 | |a1 online resource (18 pages) |
| 336 | |atext|btxt|2rdacontent |
| 337 | |acomputer|bc|2rdamedia |
| 338 | |aonline resource|bcr|2rdacarrier |
| 500 | |aTitle from cover. |
| 500 | |aIssued also in French under title: Audit de la sécurité des TI - phase I. |
| 500 | |a"Published: 2025-09-22." |
| 520 | |a"Assess the effectiveness, adequacy and compliance of TBS’s IT security activities in identifying, addressing and mitigating vulnerabilities and threats"--Objective, page 2. |
| 610 | 10|aCanada. |bTreasury Board|xAuditing. |
| 650 | 0|aInformation technology|xSecurity measures|zCanada|xAuditing. |
| 710 | 1 |aCanada. |bTreasury Board, |eissuing body. |
| 775 | 08|tAudit de la sécurité des TI – phase I.|w(CaOODSP)9.955448 |
| 856 | 40|qPDF|s888 KB|uhttps://publications.gc.ca/collections/collection_2026/sct-tbs/BT66-101-1-2025-eng.pdf |
| 856 | 4 |qHTML|sN/A|uhttps://www.canada.ca/en/treasury-board-secretariat/corporate/transparency/internal-audit-evaluation-treasury-board-canada-secretariat/audit-it-security-phase-1.html |